01542nam a2200397 a 450000100060000000300080000600500170001400600190003100700150005000800410006502000180010603500230012403500240014703500250017103500210019604000260021705000210024308000110026408200120027510000350028724501740032226000370049630000340053349000320056753301640059954600700076360000520083360000510088565500270093670000330096370000230099671000190101983000270103885600620106599900170112719762FlNmELB20241216213806.0m o d | cr cn|||||||||130715s2011 sp s 000 0 mul d z9788499200934 a(MiAaPQ)EBC3212857 a(Au-PeEL)EBL3212857 a(CaPaEBR)ebr10732223 a(OCoLC)929435325 aFlNmELBbspacFlNmELB 4aB1837bD445 2011 a1(044)04a1942231 aDescartes, René,d1596-1650.10aTres cartas a Marin Mersenneh[recurso electronico]b(primavera de 1630) /cRené Descartes ; edición bilingüe, introducción, traducción y notas de Pedro Lomba. aMadrid :bEncuentro,cD.L. 2011. a1 recurso en línea (56 p.).1 aOpuscula philosophica ;v43 aRecurso electrónico. Santa Fe, Arg.: e-libro, 2015. Disponible vía World Wide Web. El acceso puede estar limitado para las bibliotecas afiliadas a e-libro. aEdición bilingüe francés-castellano con textos en paralelo.14aDescartes, René,d1596-1650xCorrespondencia.10aDescartes, René,d1596-1650xCorrespondence. 4aLibros electrónicos.1 aMersenne, Marin,d1588-1648.1 aLomba, Pedro,eed.2 ae-libro, Corp. 0aOpuscula philosophica.40uhttps://elibro.net/ereader/politecnicointernacional/61827 c19762d19762